| 000 | 00997nam a22002897a 4500 | ||
|---|---|---|---|
| 003 | CHAP | ||
| 005 | 20220329140648.0 | ||
| 008 | 971013s1857 r 00010 d | ||
| 010 | _a55580 | ||
| 011 | _a56552 | ||
| 035 | _a60705 | ||
| 040 | _cCHAP | ||
| 082 |
_a972.6 _bR4 |
||
| 100 | 0 | 0 |
_aYucatán. _9123312 |
| 245 | _aMemoria leída ante el honorable Congreso del estado libre de Yucatán por el secretario de gobierno el 20 de julioi de 1857 | ||
| 260 |
_aMérida : _bTipografía a cargo de Mariano Guzmán, _c1857 |
||
| 300 | _a21 p. y 40 anexos | ||
| 500 | _aEncuadernado con: Regil, José María. Estadística de Yucatán | ||
| 590 |
_aBATCH-UPD _b10 _c20130110 _lUCH01 _h0649 |
||
| 590 |
_aBATCH-UPD _b10 _c20130410 _lUCH01 _h0334 |
||
| 590 |
_aBATCH-UPD _b10 _c20130914 _lUCH01 _h2111 |
||
| 590 |
_aCONVERSION _b10 _c20130109 _lUCH01 _h1330 |
||
| 650 | 1 | 4 |
_aYucatán _xPolítica y gobierno. _9123327 |
| 901 | _aBK | ||
| 942 | _cLIBRO | ||
| 949 |
_a972.6 R4 _bBC _cBPP _d-130680 _eBPP _i60705 _si |
||
| 999 |
_c55580 _d55580 |
||